<?xml version="1.0" encoding="UTF-8"?><?xml-stylesheet type="text/xsl" href="static/style.xsl"?><OAI-PMH xmlns="http://www.openarchives.org/OAI/2.0/" xmlns:xsi="http://www.w3.org/2001/XMLSchema-instance" xsi:schemaLocation="http://www.openarchives.org/OAI/2.0/ http://www.openarchives.org/OAI/2.0/OAI-PMH.xsd"><responseDate>2026-06-01T20:48:04Z</responseDate><request verb="GetRecord" identifier="oai:riuma.uma.es:10630/28267" metadataPrefix="marc">https://riuma.uma.es/rest/oai/request</request><GetRecord><record><header><identifier>oai:riuma.uma.es:10630/28267</identifier><datestamp>2026-02-03T11:50:36Z</datestamp><setSpec>com_10630_2254</setSpec><setSpec>col_10630_37959</setSpec></header><metadata><record xmlns="http://www.loc.gov/MARC21/slim" xmlns:dcterms="http://purl.org/dc/terms/" xmlns:doc="http://www.lyncode.com/xoai" xmlns:xsi="http://www.w3.org/2001/XMLSchema-instance" xsi:schemaLocation="http://www.loc.gov/MARC21/slim http://www.loc.gov/standards/marcxml/schema/MARC21slim.xsd">
   <leader>00925njm 22002777a 4500</leader>
   <datafield ind2=" " ind1=" " tag="042">
      <subfield code="a">dc</subfield>
   </datafield>
   <datafield ind2=" " ind1=" " tag="720">
      <subfield code="a">Muñoz-Sánchez, Ángela María</subfield>
      <subfield code="e">author</subfield>
   </datafield>
   <datafield ind2=" " ind1=" " tag="720">
      <subfield code="a">Sánchez-Sánchez, Ana María</subfield>
      <subfield code="e">author</subfield>
   </datafield>
   <datafield ind2=" " ind1=" " tag="720">
      <subfield code="a">Escudero-Gallegos, Carlota Ángela</subfield>
      <subfield code="e">author</subfield>
   </datafield>
   <datafield ind2=" " ind1=" " tag="720">
      <subfield code="a">Casado-Martín, Yolanda</subfield>
      <subfield code="e">author</subfield>
   </datafield>
   <datafield ind2=" " ind1=" " tag="720">
      <subfield code="a">Fernández-Baena, Francisco Javier</subfield>
      <subfield code="e">author</subfield>
   </datafield>
   <datafield ind2=" " ind1=" " tag="720">
      <subfield code="a">García-Durán, Laura</subfield>
      <subfield code="e">author</subfield>
   </datafield>
   <datafield ind2=" " ind1=" " tag="720">
      <subfield code="a">García-Sánchez, María Belén</subfield>
      <subfield code="e">author</subfield>
   </datafield>
   <datafield ind2=" " ind1=" " tag="720">
      <subfield code="a">López-de-Uralde-Selva, María de los Ángeles</subfield>
      <subfield code="e">author</subfield>
   </datafield>
   <datafield ind2=" " ind1=" " tag="720">
      <subfield code="a">Salas-Martínez, María Dolores</subfield>
      <subfield code="e">author</subfield>
   </datafield>
   <datafield ind2=" " ind1=" " tag="260">
      <subfield code="c">2023</subfield>
   </datafield>
   <datafield ind2=" " ind1=" " tag="520">
      <subfield code="a">El grupo permanente de innovación educativa sobre género e inclusión en educación superior (GpIE 22-031 de la Universidad de Málaga) tiene como objetivo el desarrollo de pautas de diagnóstico y actualización de las programaciones docentes a través de una rúbrica para evaluación de indicadores de perspectiva de género (lenguaje inclusivo, visibilización de autoras y contenidos con descripción y diferenciación por sexo) y un protocolo de actualización de las programaciones docentes (actividades prácticas) consecuente con tal evaluación.&#xd;
Partiendo de una primera tarea que cada participante del proyecto desarrolla en las actividades prácticas en su aula y materia, pretendemos avanzar en el diseño y validación de un protocolo de actualización. Se espera que la aplicación práctica de dicho protocolo derivará en una mayor adecuación de estas actividades a la realidad social actual y al desarrollo de competencias procedimentales en el alumnado e incluso en el profesorado.&#xd;
Se ha comenzado una aplicación piloto en las asignaturas vinculadas con el proyecto y previsiblemente el segundo año se podrán incorporar otras cuyo profesorado se muestre interesado. Para promover estas nuevas incorporaciones, es preciso que se procure la difusión de los productos que se elaboren en este  proyecto a lo cual servirán: a) espacio web para dar a conocer los instrumentos y las actividades que se realicen y b) seminarios para intercambio de experiencias desarrolladas en el proyecto, abiertos al profesorado del departamento y al profesorado de otros centros de la universidad.</subfield>
   </datafield>
   <datafield ind1="8" ind2=" " tag="024">
      <subfield code="a">https://hdl.handle.net/10630/28267</subfield>
   </datafield>
   <datafield tag="653" ind2=" " ind1=" ">
      <subfield code="a">Enseñanza superior</subfield>
   </datafield>
   <datafield tag="653" ind2=" " ind1=" ">
      <subfield code="a">Igualdad de género</subfield>
   </datafield>
   <datafield tag="653" ind2=" " ind1=" ">
      <subfield code="a">Educación inclusiva</subfield>
   </datafield>
   <datafield tag="653" ind2=" " ind1=" ">
      <subfield code="a">Enseñanza - Innovaciones</subfield>
   </datafield>
   <datafield ind2="0" ind1="0" tag="245">
      <subfield code="a">Genero e inclusión en educación superior: desarrollo de  una línea permanente de innovación educativa en la Universidad de Málaga</subfield>
   </datafield>
</record>
</metadata></record></GetRecord></OAI-PMH>